En los Atolladores del diálogo norte-sur /

محفوظ في:
التفاصيل البيبلوغرافية
المؤلف الرئيسي: Záitsev, Nikolai
التنسيق: نص
الوسوم: إضافة وسم
لا توجد وسوم, كن أول من يضع وسما على هذه التسجيلة!

MARC

LEADER 00000 a a2200000 04500
001 675
003
040
100 |a Záitsev, Nikolai  
245 |a En los Atolladores del diálogo norte-sur /  |c Nikolai Záitsev 
773 |g número 8; páginas 4-15  
999 |c 33793  |d 33793